Cartas críticas para servir de suplemento al discurso sobre la pregunta ¿Qué se debe a la España? / (Record no. 153425)

MARC details
000 -LEADER
campo de control de longitud fija 00812nam a22002055i 4500
001 - NÚMERO DE CONTROL
campo de control 153425
003 - IDENTIFICADOR DE NÚMERO DE CONTROL
campo de control ES-MaACL
005 - FECHA Y HORA DE LA ÚLTIMA TRANSACCIÓN
campo de control 20230906205222.0
008 - DATOS DE LONGITUD FIJA--INFORMACIÓN GENERAL
campo de control de longitud fija 951221s1788 sp |||| | spa d
040 ## - FUENTE DE CATALOGACIÓN
Centro catalogador/agencia de origen EUS
Lengua de catalogación spa
Centro/agencia transcriptor EUS
100 1# - ENTRADA PRINCIPAL--NOMBRE DE PERSONA
Nombre de persona Denina, Carlo.
9 (RLIN) 43695
245 10 - MENCIÓN DEL TÍTULO
Título Cartas críticas para servir de suplemento al discurso sobre la pregunta ¿Qué se debe a la España? /
Mención de responsabilidad, etc. por el señor Abate Denina ; traducidas por Don Manuel de Urqullu...
260 ## - PUBLICACIÓN, DISTRIBUCIÓN, ETC.
Lugar de publicación, distribución, etc. Madrid :
Nombre del editor, distribuidor, etc. por don Plácido Barco López :
-- se hallará en casa de Barco ...,
Fecha de publicación, distribución, etc. 1788.
300 ## - DESCRIPCIÓN FÍSICA
Extensión 200 p. ;
Dimensiones 21 cm.
597 ## - NOTA DE DESCRIPCIÓN FÍSICA
NOTA DE DESCRIPCIÓN FÍSICA Sign.: a-z4, 2a-2b4.
597 ## - NOTA DE DESCRIPCIÓN FÍSICA
NOTA DE DESCRIPCIÓN FÍSICA Port. con grab. xil.
651 #4 - PUNTO DE ACCESO ADICIONAL DE MATERIA--NOMBRE GEOGRÁFICO
Nombre geográfico España-
Subdivisión general Civilización.
9 (RLIN) 8163
700 0# - ENTRADA AGREGADA--NOMBRE PERSONAL
Nombre de persona Urqullu, Manuel de.
9 (RLIN) 112218
852 ## - LOCALIZACIÓN
Ubicación ES-MaACL
Número de control de estantería R-821
Nota libre -- Enc. pasta
Encuadernación -- Olim: G-2942
Holdings
Estatus retirado Estado de pérdida Estado de daño No para préstamo Colección Biblioteca de origen Biblioteca actual Ubicación en estantería Fecha de adquisición Fuente de adquisición Total de préstamos Signatura topográfica completa Código de barras Visto por última vez Precio de reemplazo Tipo de ítem Koha
        Libros del s. XVIII Biblioteca del Ateneo de Madrid Biblioteca del Ateneo de Madrid Depósito 17/01/2008     R-821 1160346 23/02/2023 23/02/2023 Libro impreso antiguo